Mecánica elemental : complementos para su enseñanza y estudio /
Guardado en:
| Autor Principal: | |
|---|---|
| Formato: | Libro |
| Idioma: | Spanish |
| Publicado: |
Buenos Aires, Argentina :
Eudeba,
1963.
|
| Edición: | 1a. ed. |
| Series: | Ediciones Previas/Física
|
| Materias: | |
| Etiquetas: |
Agregar Etiqueta
Sin Etiquetas, Sea el primero en etiquetar este registro!
|
| LEADER | 00627nam a22002055a 4500 | ||
|---|---|---|---|
| 001 | EIQ.libpla004318 | ||
| 008 | 041125s1963####ag#a##########000#0#spa#d | ||
| 005 | 20121217114615.0 | ||
| 245 | 1 | 0 | |a Mecánica elemental : |b complementos para su enseñanza y estudio / |c Juan G. Roederer. |
| 250 | |a 1a. ed. | ||
| 260 | |a Buenos Aires, Argentina : |b Eudeba, |c 1963. | ||
| 300 | |a 283 p. : |b il. ; |c 22 cm.. | ||
| 490 | 1 | |a Ediciones Previas/Física | |
| 100 | 1 | |a Roederer, Juan G., |d 1929- | |
| 082 | 0 | 4 | |a 531 |2 21 |
| 650 | 7 | |a Física | |
| 650 | 7 | |a Physics | |
| 650 | 7 | |a Mecánica | |
| 650 | 7 | |a Mechanics | |
| 859 | |a AR-BbSID |b BIB. PLAPIQUI |h 531 |i R622 |p 3126 | ||
